Dubai Metro - Map Quiz - Statistics

General Stats
  • This quiz has been taken 57 times
  • The average score is 20 of 47
Answers on the Map
Answers color-coded by a green-red scale on the quiz's map according to % correct below.
 
Answer Stats
Answer % Correct
BurJuman
60%
Union
56%
Burj Khalifa / Dubai Mall
53%
Etisalat
53%
Rashidiya
53%
World Trade Centre
51%
ADCB
49%
Al Jafiliya
49%
Al Qusais
49%
Abu Baker al Siddique
47%
Airport Terminal 1
47%
Airport Terminal 3
47%
Al Rigga
47%
Deira City Center
47%
Emirates Towers
47%
Abu Hail
44%
Business Bay
44%
Dubai Healthcare City
44%
Financial Centre
44%
GGICO
44%
Noor Bank
44%
UAE Exchange
44%
Al Ghubaiba
42%
Al Qiyadah
42%
Baniyas Square
42%
Creek
42%
Dubai Airport Free Zone
42%
Emirates
42%
Salah al Din
42%
Al Fahidi
40%
Al Jadaf
40%
Al Nahda
40%
Oud Metha
40%
Stadium
40%
Al Ras
37%
Mall of the Emirates
37%
Energy
35%
Ibn Battuta
35%
Palm Deira
35%
Sharaf DG
35%
First Abu Dhabi Bank
33%
Danube
30%
DMCC
30%
Nakheel
30%
Dubai Internet City
28%
Nakheel Harbour & Towers
28%
DAMAC Properties
26%
No matching quizzes found
Score Distribution
Percent of People with Each Score
Percentile by Number Answered
Your Score History
You have not taken this quiz